Anglická gramatika podrobná učebnice anglické gramatiky

Salvato in:
Dettagli Bibliografici
Autore principale: Wicher, H. Hnük von
Natura: Libro
Lingua:inglese
ceco
Pubblicazione: Praha NS Svoboda 2017
Edizione:3. vydání upravené a doplněné
Soggetti:
Tags: Aggiungi Tag
Nessun Tag, puoi essere il primo ad aggiungerne!!

MARC

LEADER 00000nam a2200000 4500
001 0248557
005 20240221113909.2
020 |a 978-80-205-0638-2 
041 0 |a eng 
041 0 |a cze 
044 |a CZ 
245 1 0 |a Anglická gramatika  |b podrobná učebnice anglické gramatiky  |c H. Hnük von Wicher 
250 |a 3. vydání upravené a doplněné 
264 1 |a Praha  |b NS Svoboda  |c 2017 
300 |a 423 s. 
610 2 0 |a jazykoveda 
610 2 0 |a terminológia 
610 2 0 |a jazyky cudzie 
610 2 0 |a gramatika 
100 1 |a Wicher, H. Hnük von